Statistics for The Ballad of Songbirds and Snakes Tributes and Mentors

Click here to take the quiz!

General Stats

  • This quiz has been taken 48 times
  • The average score is 18 of 48

Answer Stats

HintAnswer% Correct
District 12 female tributeLucy Gray
94%
District 4 female tributeCoral
86%
District 12 mentorCoriolanus
83%
District 11 female tributeDill
83%
District 12 male tributeJessup
83%
District 4 male tributeMizzen
80%
District 11 male tributeReaper
80%
District 2 male tributeMarcus
77%
District 7 male tributeTreech
77%
District 8 female tributeWovey
74%
District 2 mentorSejanus
71%
District 11 mentorClemensia
60%
District 8 male tributeBobbin
57%
District 10 mentorArachne
51%
District 4 mentorFestus
46%
District 3 male tributeCirc
43%
District 10 male tributeTanner
43%
District 1 mentorLivia
40%
District 3 female tributeTeslee
40%
District 5 male tributeHy
37%
District 10 female tributeBrandy
34%
District 12 mentorLysistrata
34%
District 5 female tributeSol
34%
District 1 male tributeFacet
31%
District 6 female tributeGinnee
29%
District 3 mentorIo
29%
District 1 female tributeVelvereen
29%
District 8 mentorHilarius
26%
District 6 mentorApollo
23%
District 6 mentorDiana
23%
District 11 mentorFelix
23%
District 6 male tributeOtto
23%
District 4 mentorPersephone
20%
District 7 mentorPliny
17%
District 2 female tributeSabyn
17%
District 9 male tributeSheaf
17%
District 7 mentorVipsania
17%
District 9 female tributePanlo
11%
District 3 mentorUrban
11%
District 10 mentorDomitia
9%
District 2 mentorFlorus
9%
District 9 mentorGaius
9%
District 8 mentorJuno
9%
District 5 mentorDennis
6%
District 9 mentorAndrocles
3%
District 5 mentorIphigenia
3%
District 7 female tributeLamnia
3%
District 1 mentorPalmrya
0%

Score Distribution

Percentile by Number Answered

Percent of People with Each Score

Your Score History

You have not taken this quiz